| 000 | 01090cam a2200325M 4500 | ||
|---|---|---|---|
| 001 | 80842 | ||
| 005 | 20230410132921.0 | ||
| 008 | 080523m19779999sp 000 0 spa d | ||
| 020 | _a842491368X | ||
| 035 | _a(OCoLC)637513737 | ||
| 050 | 1 | 4 |
_aB 171 _bB582 1977 |
| 049 | _aGRAL | ||
| 100 | 1 | _aDionisio de Halicarnaso | |
| 130 | 1 | _aBiblioteca Clásica Gredos. | |
| 245 | 1 | 0 |
_aHistoria antigua de Roma : _bLibros X, XI y Fragmentos de los libros XII-XX / _cDionisio de Halicarnaso ; traducción y notas de Elvira Jiménez y Ester Sánchez. |
| 246 | 1 | 3 |
_aHistoria antigua de Roma. _nLibros X-XI |
| 246 | 1 | 3 |
_aHistoria antigua de Roma. _nLibros XII-XX |
| 260 |
_aMadrid : _bGredos, _c1977. |
||
| 300 |
_a306 p. ; _c20 cm. |
||
| 440 | 0 |
_aBiblioteca clásica Gredos ; _vn.124 |
|
| 501 | _aIndice de nombres. | ||
| 650 | 0 | _aPhilosophy, Classical. | |
| 650 | 0 | _aPhilosophy, Ancient. | |
| 651 | 4 |
_aRoma _xHistoria _yHasta 0510 A.J.C. |
|
| 700 | 1 |
_aJiménez, Elvira, _etr., anot. |
|
| 700 | 1 |
_aSánchez, Ester, _etr., anot. |
|
| 942 |
_2lcc _cbk |
||
| 994 |
_aC0 _bDRFGD |
||
| 946 | _akk | ||
| 999 |
_c90150 _d90150 |
||